[Event "New Zealand Open"]
[Site "Devonport, Auckland NZL"]
[Date "2016.01.09"]
[EventDate "2016.01.02"]
[Round "8.31"]
[Result "0-1"]
[White "Eva Lourenco"]
[Black "Alan Wolstencroft"]
[WhiteElo "1306"]
[BlackElo "1796"]
[PlyCount "112"]

1. e4 c5 2. Nf3 Nc6 3. d4 cxd4 4. Nxd4 d6 5. Nc3 Nf6 6. Be2 e6
7. Nxc6 bxc6 8. O-O Be7 9. a3 a5 10. Re1 O-O 11. Bf3 Qc7
12. Be3 Rb8 13. Rb1 Ba6 14. g3 Nd7 15. Bg2 d5 16. exd5 cxd5
17. Bf4 Bd6 18. Bxd6 Qxd6 19. Nxd5 exd5 20. Bxd5 Qf6 21. c3
Rfd8 22. Qh5 a4 23. h4 Bd3 24. Rbd1 Bg6 25. Qg5 h6 26. Qd2 Nb6
27. c4 Nxc4 28. Qf4 Qxf4 29. gxf4 Nxb2 30. Rd4 Kf8 31. f3 Nd3
32. Rd1 Nc5 33. Kf2 Rb2+ 34. Kg3 Re2 35. R1d2 Re3 36. Kg4 f5+
37. Kg3 Rxd5 38. Rxd5 Ne4+ 39. Kg2 Nxd2 40. Rxd2 Rxa3 41. Kf2
Bh5 42. Rd4 Rxf3+ 43. Ke1 a3 44. Ra4 Rh3 45. Kd2 Kg8 46. Kc1
Bf7 47. Ra5 g6 48. h5 Rh1+ 49. Kd2 a2 50. hxg6 a1=Q 51. gxf7+
Kxf7 52. Rxa1 Rxa1 53. Ke3 Rg1 54. Kf2 Rg4 55. Kf3 h5 56. Ke3
h4 0-1

[Event "New Zealand Open"]
[Site "Devonport, Auckland NZL"]
[Date "2016.01.09"]
[EventDate "2016.01.02"]
[Round "8.32"]
[Result "1-0"]
[White "Jasmine Haomo Zhang"]
[Black "Louie Wei"]
[WhiteElo "1674"]
[BlackElo "1669"]
[PlyCount "121"]

1. d4 d5 2. c4 c6 3. cxd5 cxd5 4. Nc3 Nc6 5. Nf3 e6 6. Bf4 Bd6
7. Bg3 a6 8. e3 f5 9. a3 Nf6 10. Rc1 O-O 11. Bd3 Qe7 12. Na4
Bxg3 13. hxg3 Qc7 14. O-O Bd7 15. b4 Rac8 16. Nc5 Ne4 17. Bxe4
fxe4 18. Ng5 Rf6 19. Nh3 Ne7 20. Nxe4 dxe4 21. Rxc7 Rxc7
22. Qb1 Bb5 23. Rc1 Rxc1+ 24. Qxc1 Bc6 25. Nf4 Nd5 26. Ne2 Kf7
27. Qc2 g6 28. Nc1 Ke7 29. Nb3 Rf8 30. Nc5 Rc8 31. Qxe4 Nc7
32. Qh4+ Kd6 33. Qf4+ Ke7 34. Nd3 Nd5 35. Qg5+ Nf6 36. Qc5+
Kd7 37. Ne5+ Ke8 38. Qd6 Bd5 39. b5 axb5 40. Qb4 Bc6 41. g4
Nd7 42. Qd6 Nxe5 43. Qxe6+ Kd8 44. dxe5 Bd7 45. Qg8+ Be8
46. Qd5+ Ke7 47. Qxb7+ Bd7 48. Qd5 Rc6 49. Kh2 Re6 50. f4 Bc6
51. Qc5+ Kd7 52. Qa7+ Ke8 53. Qxh7 Kd8 54. Qg8+ Ke7 55. Qg7+
Ke8 56. Qc7 Bd7 57. e4 Re7 58. Kg3 Rf7 59. Qb8+ Ke7 60. Qd6+
Ke8 61. e6 1-0

[Event "New Zealand Open"]
[Site "Devonport, Auckland NZL"]
[Date "2016.01.10"]
[EventDate "2016.01.02"]
[Round "9.1"]
[Result "1/2-1/2"]
[White "Gawain Jones"]
[Black "Alexandr Hilario Takeda dos Santos Fier"]
[WhiteElo "2625"]
[BlackElo "2607"]
[PlyCount "122"]

1. c4 g6 2. Nc3 c5 3. Nf3 Bg7 4. d4 cxd4 5. Nxd4 Nc6 6. Nc2
Bxc3+ 7. bxc3 Qa5 8. e4 Qxc3+ 9. Bd2 Qe5 10. Bd3 Nf6 11. f4
Qh5 12. Ne3 Qxd1+ 13. Rxd1 O-O 14. Nd5 Ne8 15. Bc3 d6 16. c5
dxc5 17. Bb5 e6 18. Bxc6 exd5 19. Bxd5 Nc7 20. Bb3 Be6 21. O-O
Bxb3 22. axb3 f6 23. Rd7 Nb5 24. Bb2 Rf7 25. Rd5 b6 26. f5 g5
27. h4 gxh4 28. Rf4 Nd4 29. Bxd4 cxd4 30. Rxd4 Rc8 31. Rxh4
Rg7 32. Rd2 Rc3 33. Rh6 Rf7 34. Rd8+ Kg7 35. Rh4 Rfc7 36. b4
a5 37. bxa5 bxa5 38. Ra8 Rg3 39. Kf2 Rg5 40. g4 h5 41. gxh5
Kh6 42. Ra6 Rc2+ 43. Ke3 Rgg2 44. Rh1 Kg5 45. Re1 Ra2 46. h6
Rg3+ 47. Kd4 Rd2+ 48. Kc4 Rh2 49. Ra8 Rc2+ 50. Kd4 Rd2+
51. Kc4 Kxh6 52. Rh1+ Kg5 53. Rg8+ Kf4 54. Rh4+ Kf3 55. Rxg3+
Kxg3 56. Rh6 Kf4 57. Rxf6 Kxe4 58. Kb5 Rd5+ 59. Ka4 Rxf5
60. Rxf5 Kxf5 61. Kxa5 Ke5 1/2-1/2

[Event "New Zealand Open"]
[Site "Devonport, Auckland NZL"]
[Date "2016.01.10"]
[EventDate "2016.01.02"]
[Round "9.2"]
[Result "1/2-1/2"]
[White "Deimante Daulyte"]
[Black "Ju Wenjun"]
[WhiteElo "2378"]
[BlackElo "2548"]
[PlyCount "63"]

1. e4 c5 2. Nf3 d6 3. Bb5+ Bd7 4. Bxd7+ Qxd7 5. O-O Nc6 6. c4
g6 7. d4 cxd4 8. Nxd4 Bg7 9. Be3 Nf6 10. f3 O-O 11. Nc3 a6
12. Nxc6 bxc6 13. c5 Qa7 14. Qd2 dxc5 15. Rfd1 Qc7 16. Bxc5
Rfd8 17. Qf2 Rxd1+ 18. Rxd1 Rd8 19. Qe2 Rxd1+ 20. Qxd1 Bf8
21. Qd3 Nd7 22. Be3 Qb7 23. b3 e5 24. Na4 h5 25. Kf2 Be7
26. Ke2 Kf8 27. Qc4 Qb5 28. Kd3 Ke8 29. Nc3 Qb7 30. Na4 Qb5
31. Nc3 Qb7 32. Na4 1/2-1/2

[Event "New Zealand Open"]
[Site "Devonport, Auckland NZL"]
[Date "2016.01.10"]
[EventDate "2016.01.02"]
[Round "9.3"]
[Result "1-0"]
[White "Nigel Short"]
[Black "Aleksei Kulashko"]
[WhiteElo "2684"]
[BlackElo "2341"]
[PlyCount "67"]

1. e4 c5 2. Nf3 g6 3. c4 Nc6 4. d4 cxd4 5. Nxd4 Nf6 6. Nc3 d6
7. Be2 Nxd4 8. Qxd4 Bg7 9. Be3 O-O 10. Qd2 Qa5 11. f3 Be6
12. Rc1 Rfc8 13. b3 Nd7 14. O-O Kh8 15. f4 Nf6 16. h3 Rab8
17. Bf3 a6 18. Ba7 Ra8 19. Bd4 Ne8 20. f5 Bd7 21. Bg4 Nf6
22. Qe3 Nxg4 23. hxg4 gxf5 24. Bxg7+ Kxg7 25. Qg5+ Kh8
26. Qxe7 Qc5+ 27. Rf2 fxg4 28. Qf6+ Kg8 29. Qxf7+ Kh8 30. Qf6+
Kg8 31. Nd5 Re8 32. b4 Qa7 33. Qf7+ Kh8 34. Nf6 1-0

[Event "New Zealand Open"]
[Site "Devonport, Auckland NZL"]
[Date "2016.01.10"]
[EventDate "2016.01.02"]
[Round "9.4"]
[Result "0-1"]
[White "Scott Wastney"]
[Black "Qun Ma"]
[WhiteElo "2345"]
[BlackElo "2606"]
[PlyCount "56"]

1. e4 c5 2. Nf3 d6 3. d4 cxd4 4. Nxd4 Nf6 5. Nc3 Nc6 6. Bg5 e6
7. Qd2 a6 8. O-O-O Bd7 9. Be2 h6 10. Bh4 Rc8 11. Bg3 b5 12. a3
b4 13. axb4 Nxb4 14. Bf3 e5 15. Nde2 Qa5 16. Kb1 Be7 17. b3
Rc5 18. Kb2 Qc7 19. Rc1 a5 20. Na2 Nxa2 21. Kxa2 Be6 22. Kb2
O-O 23. Ra1 Rc8 24. Rhc1 Nd7 25. h4 Nb6 26. Kb1 Rb5 27. Ra2 a4
28. Rb2 Qb7 0-1

[Event "New Zealand Open"]
[Site "Devonport, Auckland NZL"]
[Date "2016.01.10"]
[EventDate "2016.01.02"]
[Round "9.5"]
[Result "1-0"]
[White "Matthieu Cornette"]
[Black "Russell John Dive"]
[WhiteElo "2591"]
[BlackElo "2311"]
[PlyCount "77"]

1. c4 c6 2. Nf3 d5 3. e3 Nf6 4. Nc3 a6 5. d4 e6 6. Qc2 Be7
7. b3 O-O 8. Bb2 Nbd7 9. Bd3 Qa5 10. a3 dxc4 11. bxc4 Bd6
12. O-O Qh5 13. c5 Bc7 14. Ne2 g5 15. Ng3 Qh6 16. e4 Bf4
17. Ne2 g4 18. Nxf4 gxf3 19. Qc1 e5 20. dxe5 Ng4 21. h3 Ngxe5
22. Rd1 Qg5 23. Bf1 fxg2 24. Be2 f6 25. Nxg2 Qxc1 26. Raxc1
Re8 27. Nf4 Kf7 28. Nh5 Kg6 29. f4 Nf7 30. Kf2 Rxe4 31. Bd3 f5
32. Bxe4 fxe4 33. Ng7 Nf8 34. Rg1+ Kh6 35. Ne8 Ng6 36. Rce1
Bf5 37. Ng7 Bd7 38. f5 Nge5 39. Rxe4 1-0

[Event "New Zealand Open"]
[Site "Devonport, Auckland NZL"]
[Date "2016.01.10"]
[EventDate "2016.01.02"]
[Round "9.6"]
[Result "1-0"]
[White "Thorben Koop"]
[Black "Paul Anthony Garbett"]
[WhiteElo "2417"]
[BlackElo "2250"]
[PlyCount "67"]

1. e4 c5 2. Nf3 e6 3. d4 cxd4 4. Nxd4 Nc6 5. Nc3 d6 6. Be2 Nf6
7. O-O Be7 8. Be3 O-O 9. Kh1 Nxd4 10. Bxd4 Bd7 11. f4 Bc6
12. Bd3 g6 13. Qe1 d5 14. e5 Ne4 15. Qe3 Nxc3 16. bxc3 b6
17. g4 Re8 18. f5 Bg5 19. Qf3 Qc7 20. f6 Rec8 21. Qf2 Bh6
22. Qh4 Bf8 23. Rf3 Qd8 24. Rh3 h6 25. Qf2 Rc7 26. Qe2 Bb7
27. Rf1 Rac8 28. Kg1 Rxc3 29. Bxc3 Bc5+ 30. Rf2 Qf8 31. Bb2
Bxf2+ 32. Kxf2 Qc5+ 33. Qe3 Kf8 34. Rxh6 1-0

[Event "New Zealand Open"]
[Site "Devonport, Auckland NZL"]
[Date "2016.01.10"]
[EventDate "2016.01.02"]
[Round "9.7"]
[Result "1-0"]
[White "Nino Maisuradze"]
[Black "Reyk Schaefer"]
[WhiteElo "2288"]
[BlackElo "2134"]
[PlyCount "83"]

1. d4 d5 2. Nf3 Nf6 3. c4 e6 4. Nc3 Bb4 5. cxd5 exd5 6. Bg5 h6
7. Bxf6 Qxf6 8. e3 O-O 9. Qb3 c5 10. dxc5 Nc6 11. Bb5 Bxc3+
12. Qxc3 Qxc3+ 13. bxc3 Na5 14. Nd4 a6 15. Ba4 Be6 16. Rb1
Rfc8 17. Nxe6 fxe6 18. Bd7 Rxc5 19. Bxe6+ Kf8 20. Rd1 Rxc3
21. Bxd5 Rac8 22. O-O R8c5 23. e4 Ke7 24. Rd2 Nc4 25. Bxc4
R3xc4 26. f3 b5 27. Rfd1 Rc7 28. Kf2 a5 29. Ke3 b4 30. Rd4 Rc2
31. R1d2 R2c3+ 32. R4d3 R3c5 33. h4 Rc1 34. h5 Re1+ 35. Kf4
Rec1 36. g4 R1c2 37. Rxc2 Rxc2 38. a3 Rc5 39. axb4 axb4
40. Ke3 Rb5 41. Rb3 Kd6 42. Kd4 1-0

[Event "New Zealand Open"]
[Site "Devonport, Auckland NZL"]
[Date "2016.01.10"]
[EventDate "2016.01.02"]
[Round "9.8"]
[Result "1-0"]
[White "Eric Moskow"]
[Black "Matthew Drummond"]
[WhiteElo "2127"]
[BlackElo "2255"]
[PlyCount "154"]

1. Nf3 c5 2. c4 g6 3. g3 Bg7 4. Nc3 Nc6 5. Bg2 e5 6. d3 Nge7
7. Nd2 d6 8. Nf1 Be6 9. Ne3 O-O 10. Ned5 h6 11. O-O Rb8 12. a3
f5 13. Rb1 Qd7 14. b4 f4 15. b5 Nd4 16. Nxe7+ Qxe7 17. Nd5 Qd7
18. Bb2 Nf5 19. e3 Kh8 20. Re1 Rbe8 21. b6 axb6 22. Bc1 Rf7
23. Nc3 Qd8 24. Ne4 Ref8 25. Qb3 f3 26. Bf1 h5 27. Qxb6 Qe7
28. Bd2 Rg8 29. Rb2 Bf6 30. Reb1 Bc8 31. Nc3 Rh7 32. Nd5 Qg7
33. e4 Bd8 34. Qa7 Nd4 35. Qb8 Qd7 36. Nb6 Bxb6 37. Rxb6 Nc6
38. Qa8 h4 39. Be3 Qf7 40. Qa4 hxg3 41. fxg3 f2+ 42. Bxf2 Rxh2
43. R6b2 Qh7 44. Bg2 Rf8 45. Be3 Rh5 46. Qd1 Qg8 47. Rf2 Rxf2
48. Bxf2 Rh7 49. Qd2 Rf7 50. Qh6+ Qh7 51. Qg5 Qh5 52. Qxh5+
gxh5 53. Be3 Kg7 54. Rf1 Rxf1+ 55. Kxf1 Kg6 56. Bf3 Nd4
57. Bd1 Bd7 58. Bxd4 cxd4 59. Kf2 Kg5 60. Kg2 h4 61. gxh4+
Kxh4 62. Kf2 Kh3 63. Bc2 Kg4 64. Bd1+ Kf4 65. Bb3 b6 66. Bc2
Bg4 67. Ba4 Bh5 68. Bc2 Bf3 69. Bb1 Bd1 70. Ke1 Bb3 71. Kf2
Bd1 72. Ke1 Ba4 73. Kf2 Bb3 74. Ke2 Kg3 75. Kd2 Kf2 76. Kc1
Ke3 77. Kb2 Bd1 1-0

[Event "New Zealand Open"]
[Site "Devonport, Auckland NZL"]
[Date "2016.01.10"]
[EventDate "2016.01.02"]
[Round "9.9"]
[Result "1-0"]
[White "Michael Steadman"]
[Black "Heather Richards"]
[WhiteElo "2252"]
[BlackElo "2165"]
[PlyCount "119"]

1. d4 d6 2. Nf3 Nf6 3. c4 g6 4. Nc3 Bf5 5. h3 h5 6. Ng5 Bh6
7. f3 Bd7 8. h4 e5 9. e3 Nc6 10. Be2 Ne7 11. dxe5 dxe5 12. e4
Nc6 13. Be3 Ng8 14. Qd5 Qe7 15. Bc5 Qf6 16. Rd1 O-O-O 17. Qd3
Bxg5 18. hxg5 Qxg5 19. Nd5 f5 20. b4 fxe4 21. fxe4 b6 22. Bf2
h4 23. c5 Kb8 24. cxb6 axb6 25. b5 Nd4 26. Bxd4 exd4 27. Qxd4
Ne7 28. Qf6 Qg3+ 29. Qf2 Nxd5 30. Qxg3 hxg3 31. Rxh8 Rxh8
32. Rxd5 Be6 33. Rg5 Rh1+ 34. Kd2 Bf7 35. Rxg3 Ra1 36. Rf3
Rxa2+ 37. Ke1 Be6 38. Rf6 Bd7 39. Rxg6 Ra4 40. Rg7 Be6 41. Bf3
Rb4 42. Re7 Bc8 43. Re8 Rxb5 44. Bg4 Rb4 45. Kf2 Rb2+ 46. Kg3
c5 47. Rxc8+ Kb7 48. Rf8 c4 49. Rf3 Kc6 50. e5 b5 51. Re3 c3
52. Rxc3+ Kd5 53. e6 Kd6 54. Rd3+ Ke7 55. Rd7+ Kf6 56. e7 Rb3+
57. Kf2 Rb2+ 58. Ke3 Rb3+ 59. Kd2 Rb2+ 60. Kc3 1-0

[Event "New Zealand Open"]
[Site "Devonport, Auckland NZL"]
[Date "2016.01.10"]
[EventDate "2016.01.02"]
[Round "9.10"]
[Result "1/2-1/2"]
[White "Ben Hague"]
[Black "Roger L Perry"]
[WhiteElo "2287"]
[BlackElo "2005"]
[PlyCount "50"]

1. e4 c5 2. Nf3 d6 3. d4 cxd4 4. Nxd4 Nf6 5. Nc3 g6 6. Be3 Bg7
7. f3 Nc6 8. Qd2 O-O 9. Bc4 Bd7 10. O-O-O Rc8 11. Bb3 Nxd4
12. Bxd4 b5 13. Nd5 Nxd5 14. Bxg7 Kxg7 15. exd5 a5 16. a3 Kg8
17. h4 b4 18. axb4 axb4 19. Qxb4 Rb8 20. Qd4 Qa5 21. h5 Bf5
22. Qa4 Qc5 23. Qd4 Qa5 24. Qa4 Qc5 25. Qd4 Qa5 1/2-1/2

[Event "New Zealand Open"]
[Site "Devonport, Auckland NZL"]
[Date "2016.01.10"]
[EventDate "2016.01.02"]
[Round "9.11"]
[Result "1-0"]
[White "Anthony F Ker"]
[Black "Helen Milligan"]
[WhiteElo "2283"]
[BlackElo "1957"]
[PlyCount "83"]

1. e4 e5 2. Nf3 Nc6 3. d4 exd4 4. Nxd4 Bc5 5. Nxc6 Qf6 6. Qd2
dxc6 7. Nc3 Be6 8. Na4 Rd8 9. Bd3 Bd4 10. c3 b5 11. cxd4 Qxd4
12. Bc2 bxa4 13. Qxd4 Rxd4 14. Be3 Rb4 15. O-O-O Nf6 16. a3
Rc4 17. Rd4 O-O 18. f3 Ra8 19. Rxc4 Bxc4 20. Bxa4 Bb5 21. Bb3
Kf8 22. Rd1 Ke8 23. Kc2 Ng8 24. Kc3 Ne7 25. Rd2 a5 26. a4 Ba6
27. Bf4 Ra7 28. Be5 f6 29. Bd4 Ra8 30. Be3 Ng6 31. f4 Nf8
32. Bc5 Ng6 33. g3 Bc8 34. Bc4 Ba6 35. Bg8 h6 36. Bb3 Rb8
37. Bd1 Nh8 38. f5 Bc8 39. Bh5+ Nf7 40. Bg6 Ra8 41. g4 Rb8
42. e5 1-0

[Event "New Zealand Open"]
[Site "Devonport, Auckland NZL"]
[Date "2016.01.10"]
[EventDate "2016.01.02"]
[Round "9.12"]
[Result "1/2-1/2"]
[White "Hans Gao"]
[Black "Leonard J McLaren"]
[WhiteElo "2183"]
[BlackElo "2236"]
[PlyCount "53"]

1. e4 c5 2. Nf3 d6 3. Bb5+ Nd7 4. d4 Ngf6 5. O-O cxd4 6. Qxd4
g6 7. e5 dxe5 8. Nxe5 a6 9. Bxd7+ Bxd7 10. Rd1 Bg7 11. Nc3 Qc8
12. Nxd7 Qxd7 13. Qb4 a5 14. Qa3 Qc6 15. Re1 e6 16. Bg5 b5
17. Rad1 b4 18. Qa4 Qxa4 19. Nxa4 O-O 20. Bxf6 Bxf6 21. Nb6
Ra7 22. Nd7 Bxb2 23. Nxf8 Kxf8 24. f4 Rc7 25. Re2 h5 26. Kf2
a4 27. Rd3 1/2-1/2

[Event "New Zealand Open"]
[Site "Devonport, Auckland NZL"]
[Date "2016.01.10"]
[EventDate "2016.01.02"]
[Round "9.13"]
[Result "0-1"]
[White "Michael Klyszcz"]
[Black "Robert Wayne Smith"]
[WhiteElo "1979"]
[BlackElo "2208"]
[PlyCount "58"]

1. d4 Nf6 2. c4 e6 3. Nc3 Bb4 4. Bd2 b6 5. Nf3 Bb7 6. e3 O-O
7. Be2 Bxc3 8. Bxc3 Ne4 9. Qc2 d6 10. O-O f5 11. Nd2 Nxd2
12. Qxd2 Rf6 13. f4 Rg6 14. d5 Nd7 15. Bf3 Qe7 16. e4 fxe4
17. Bxe4 Rh6 18. Rae1 Re8 19. dxe6 Bxe4 20. exd7 Qxd7 21. Qd4
Rhe6 22. Rd1 R6e7 23. Rf2 Qg4 24. b4 Bc6 25. f5 Re4 26. f6
gxf6 27. Qxf6 Qxd1+ 28. Rf1 Qxf1+ 29. Qxf1 Re2 0-1

[Event "New Zealand Open"]
[Site "Devonport, Auckland NZL"]
[Date "2016.01.10"]
[EventDate "2016.01.02"]
[Round "9.14"]
[Result "0-1"]
[White "Shenyue Li"]
[Black "Tony Dowden"]
[WhiteElo "2007"]
[BlackElo "2088"]
[PlyCount "86"]

1. e4 e6 2. Qe2 c5 3. f4 Nc6 4. Nf3 g6 5. Qf2 d6 6. Bb5 Nge7
7. e5 Bg7 8. Nc3 dxe5 9. Nxe5 O-O 10. Qxc5 Nd4 11. Ne2 Nxb5
12. Qxb5 a6 13. Qb3 Nd5 14. d4 b5 15. O-O Qb6 16. a4 Rb8
17. Bd2 Qd6 18. a5 Bb7 19. Nd3 Rfc8 20. c3 Ne7 21. Nc5 Rxc5
22. dxc5 Qxd2 23. Rf2 Qe3 24. Rd1 Qxc5 25. Nd4 Bd5 26. Qc2 Nf5
27. Qd3 Bc4 28. Qe4 Bd5 29. Qd3 Rc8 30. Rfd2 Nxd4 31. cxd4 Qc7
32. Qa3 Qxf4 33. Qe7 Qc7 34. Qb4 Bf8 35. Qc3 Qxc3 36. bxc3
Rxc3 37. Ra1 Bh6 38. Re2 Be3+ 39. Kh1 Bxd4 40. Rd1 e5 41. Rde1
Ra3 42. Rc1 Bc4 43. Ree1 Ra2 0-1

[Event "New Zealand Open"]
[Site "Devonport, Auckland NZL"]
[Date "2016.01.10"]
[EventDate "2016.01.02"]
[Round "9.15"]
[Result "0-1"]
[White "Gino Thornton"]
[Black "Mark Fredrick Noble"]
[WhiteElo "2207"]
[BlackElo "2241"]
[PlyCount "68"]

1. c4 c6 2. Nf3 d5 3. e3 Nf6 4. Qc2 Nbd7 5. d4 e6 6. Nc3 Bd6
7. Bd3 O-O 8. e4 dxc4 9. Bxc4 e5 10. Be3 b5 11. Bd3 a6 12. O-O
exd4 13. Bxd4 c5 14. Bxf6 Qxf6 15. Nd5 Qh6 16. Rfe1 Ne5
17. Nxe5 Bxe5 18. f4 Bxf4 19. Nxf4 Qxf4 20. Qxc5 Be6 21. Qe3
Qe5 22. Re2 a5 23. Rc1 Rfc8 24. Rxc8+ Rxc8 25. a3 b4 26. axb4
axb4 27. Rd2 g6 28. Bf1 b3 29. g3 Rc2 30. Qh6 Qa5 31. Rxc2
bxc2 32. Qc1 Qc5+ 33. Kg2 Bb3 34. Be2 Qd4 0-1

[Event "New Zealand Open"]
[Site "Devonport, Auckland NZL"]
[Date "2016.01.10"]
[EventDate "2016.01.02"]
[Round "9.16"]
[Result "0-1"]
[White "Karl Kai Zhu"]
[Black "John Duneas"]
[WhiteElo "1996"]
[BlackElo "2110"]
[PlyCount "80"]

1. e4 Nf6 2. e5 Nd5 3. d4 d6 4. c4 Nb6 5. exd6 cxd6 6. Nc3 g6
7. b3 Bg7 8. Bb2 O-O 9. Nge2 e5 10. d5 f5 11. a4 f4 12. a5
N6d7 13. Nb5 Nc5 14. b4 Ne4 15. Nec3 Nf6 16. c5 dxc5 17. bxc5
e4 18. d6 Na6 19. Bc4+ Kh8 20. Nd5 Nxc5 21. Ndc7 a6 22. Bd4
Bg4 23. f3 exf3 24. gxf3 axb5 25. Bxc5 Ne4 26. Bd4 Qh4+
27. Ke2 Bxf3+ 28. Kxf3 Ng5+ 29. Ke2 f3+ 30. Kd2 Qxd4+ 31. Ke1
f2+ 32. Ke2 Qxc4+ 33. Qd3 Qg4+ 34. Kf1 Bxa1 35. Nxa8 Rxa8
36. Qxb5 Qd1+ 37. Kg2 Qf3+ 38. Kf1 Qxh1+ 39. Kxf2 Qf3+ 40. Ke1
Bc3# 0-1

[Event "New Zealand Open"]
[Site "Devonport, Auckland NZL"]
[Date "2016.01.10"]
[EventDate "2016.01.02"]
[Round "9.17"]
[Result "1/2-1/2"]
[White "Layla Timergazi"]
[Black "Leo Zhang"]
[WhiteElo "1915"]
[BlackElo "2087"]
[PlyCount "98"]

1. d4 Nf6 2. c4 g6 3. Nc3 d5 4. cxd5 Nxd5 5. e4 Nxc3 6. bxc3
Bg7 7. Be3 c5 8. Rc1 Qa5 9. Qd2 cxd4 10. cxd4 Qxd2+ 11. Bxd2
O-O 12. d5 b6 13. Nf3 Ba6 14. Rc7 Re8 15. Bc4 Bxc4 16. Rxc4
Nd7 17. O-O Ne5 18. Nxe5 Bxe5 19. f4 Bd6 20. Be3 Rac8 21. Rfc1
Rxc4 22. Rxc4 Rd8 23. Rc6 Kf8 24. Kf2 Ke8 25. Ke2 Kd7 26. Kd3
Rc8 27. Rxc8 Kxc8 28. e5 Bb8 29. Kc4 Bc7 30. Bd4 a6 31. g4 Kb7
32. a4 Kc8 33. h4 e6 34. d6 Bd8 35. h5 gxh5 36. gxh5 Kd7
37. Kd3 Kc6 38. Ke4 b5 39. axb5+ axb5 40. f5 Ba5 41. fxe6 fxe6
42. Bb2 Bd2 43. Kd3 Bf4 44. Kc2 Bg5 45. Bc1 Bd8 46. Kb3 Ba5
47. Bb2 Bb6 48. Kb4 Bd8 49. Bd4 Kd5 1/2-1/2

[Event "New Zealand Open"]
[Site "Devonport, Auckland NZL"]
[Date "2016.01.10"]
[EventDate "2016.01.02"]
[Round "9.18"]
[Result "0-1"]
[White "Kim Yew Chan"]
[Black "Edward Rains"]
[WhiteElo "2019"]
[BlackElo "2016"]
[PlyCount "88"]

1. d4 Nf6 2. c4 g6 3. g3 Bg7 4. Bg2 O-O 5. Nc3 d6 6. Nf3 Nc6
7. O-O a6 8. h3 Bd7 9. e4 e5 10. d5 Ne7 11. Be3 Nh5 12. Rc1 h6
13. c5 f5 14. cxd6 cxd6 15. Qb3 b5 16. exf5 gxf5 17. Ne2 Ng6
18. Nh2 f4 19. Bd2 Qb6 20. g4 Nf6 21. Qc2 Nh4 22. Qc7 Qxc7
23. Rxc7 Nxg2 24. Kxg2 Rfc8 25. Rfc1 Rxc7 26. Rxc7 Rc8
27. Rxc8+ Bxc8 28. Bb4 Bf8 29. Nc3 Bb7 30. f3 Nxd5 31. Nxd5
Bxd5 32. b3 Kf7 33. Kf2 Ke6 34. Nf1 Be7 35. Nd2 Bd8 36. Ne4
Bxe4 37. fxe4 d5 38. Kf3 d4 39. Bf8 Bg5 40. Bg7 d3 41. h4 d2
42. Ke2 f3+ 43. Kd1 f2 44. Ke2 f1=Q+ 0-1

[Event "New Zealand Open"]
[Site "Devonport, Auckland NZL"]
[Date "2016.01.10"]
[EventDate "2016.01.02"]
[Round "9.19"]
[Result "1-0"]
[White "Alphaeus Wei Ern Ang"]
[Black "William Xiang Wei Li"]
[WhiteElo "2136"]
[BlackElo "2030"]
[PlyCount "83"]

1. d4 Nf6 2. c4 c5 3. d5 b5 4. Qc2 bxc4 5. e4 e6 6. Bxc4 exd5
7. exd5 d6 8. h3 Be7 9. Nf3 O-O 10. O-O Na6 11. a3 Nc7 12. Nc3
Nd7 13. Re1 Nb6 14. Bd3 g6 15. Bh6 Re8 16. b4 c4 17. Bf1 Bf5
18. Qd2 Bf6 19. Rxe8+ Nxe8 20. Re1 Rc8 21. g4 Bd7 22. Bg5 Bxg5
23. Nxg5 Nf6 24. Qf4 h6 25. Nge4 Nbxd5 26. Nxd5 Nxd5 27. Qxh6
Be6 28. Ng5 Qf6 29. Qh7+ Kf8 30. Rxe6 fxe6 31. Qd7 Qxg5
32. Qxc8+ Ke7 33. Qxc4 Qf4 34. Qa6 Qd4 35. Qb7+ Kf6 36. Qb8
Ke5 37. Qh8+ Ke4 38. Bg2+ Kd3 39. Qxd4+ Kxd4 40. Bxd5 Kxd5
41. h4 Ke4 42. h5 1-0

[Event "New Zealand Open"]
[Site "Devonport, Auckland NZL"]
[Date "2016.01.10"]
[EventDate "2016.01.02"]
[Round "9.20"]
[Result "1/2-1/2"]
[White "Daniel Hanwen Gong"]
[Black "Tim Reilly"]
[WhiteElo "2055"]
[BlackElo "2203"]
[PlyCount "89"]

1. c4 g6 2. g3 Bg7 3. Bg2 e5 4. Nc3 Nc6 5. d3 d6 6. Nf3 f5
7. Bg5 Nf6 8. Nd5 O-O 9. h4 Be6 10. Nxf6+ Bxf6 11. Bxf6 Qxf6
12. Ng5 Bd7 13. Qd2 h6 14. Nh3 Kg7 15. O-O-O Rab8 16. f4 b5
17. c5 dxc5 18. h5 Nb4 19. a3 Na2+ 20. Kb1 b4 21. Kxa2 bxa3
22. b3 Rxb3 23. Kxb3 Rb8+ 24. Ka2 Qe6+ 25. Ka1 Rb2 26. Qxb2
axb2+ 27. Kxb2 Ba4 28. Rd2 Qb3+ 29. Ka1 Qc3+ 30. Rb2 Bc2
31. Bd5 a5 32. Rc1 Qa3+ 33. Ba2 Bb3 34. Kb1 a4 35. Bxb3 axb3
36. fxe5 g5 37. Nf2 Qb4 38. g4 Qd4 39. e3 Qxe5 40. gxf5 Qxf5
41. Ne4 c4 42. Rxc4 Qf1+ 43. Rc1 Qxd3+ 44. Ka1 Qa6+ 45. Kb1
1/2-1/2

[Event "New Zealand Open"]
[Site "Devonport, Auckland NZL"]
[Date "2016.01.10"]
[EventDate "2016.01.02"]
[Round "9.21"]
[Result "0-1"]
[White "Matthew McNabb"]
[Black "Allen Chi Zhou Fan"]
[WhiteElo "2083"]
[BlackElo "1825"]
[PlyCount "74"]

1. d4 Nf6 2. c4 g6 3. Nc3 Bg7 4. e4 d6 5. Nf3 O-O 6. Be2 Nbd7
7. O-O e5 8. Be3 Qe7 9. dxe5 dxe5 10. Qc2 c6 11. h3 Ne8
12. Bg5 f6 13. Bh4 Nc7 14. Rfd1 Ne6 15. a3 Nf4 16. Bf1 g5
17. Bg3 h5 18. b4 f5 19. c5 h4 20. Bxf4 exf4 21. Rd6 g4
22. Nd2 Ne5 23. Rd1 f3 24. exf5 Bxf5 25. Qb3+ Kh8 26. Nce4
fxg2 27. Bxg2 gxh3 28. f4 hxg2 29. fxe5 Bxe5 30. Rh6+ Kg7
31. Nf3 Bxe4 32. Nxe5 Qxe5 33. Rd7+ Kxh6 34. Qe3+ Rf4 35. Rd6+
Kg5 36. Kh2 g1=Q+ 37. Kxg1 Qa1+ 0-1

[Event "New Zealand Open"]
[Site "Devonport, Auckland NZL"]
[Date "2016.01.10"]
[EventDate "2016.01.02"]
[Round "9.22"]
[Result "0-1"]
[White "Nathan Goodhue"]
[Black "David Cilia Vincenti"]
[WhiteElo "1990"]
[BlackElo "2061"]
[PlyCount "118"]

1. d4 e6 2. g3 f5 3. Bg2 Nf6 4. Nf3 Be7 5. O-O O-O 6. c4 d6
7. Nc3 Ne4 8. Qc2 Nxc3 9. Qxc3 Bf6 10. Re1 Nc6 11. Qc2 e5
12. d5 Nb8 13. b3 a5 14. Bb2 Nd7 15. Rec1 Nc5 16. Qd1 Qe8
17. Ne1 f4 18. Ba3 e4 19. Bxc5 Bxa1 20. Bxd6 cxd6 21. Rxa1 e3
22. f3 fxg3 23. hxg3 Qg6 24. Qd4 Qxg3 25. Qxe3 Bh3 26. Qf2 Qe5
27. Rd1 Bxg2 28. Kxg2 Rf6 29. e4 Rh6 30. Nd3 Rh2+ 31. Kg1 Rxf2
32. Nxe5 Rxa2 33. Nd3 a4 34. bxa4 R8xa4 35. c5 Ra1 36. Rxa1
Rxa1+ 37. Kf2 dxc5 38. Nxc5 b5 39. Nd3 Kf7 40. f4 Ra3 41. Ne5+
Ke7 42. Nc6+ Kd6 43. Nd4 b4 44. Ke2 Kc5 45. Ne6+ Kc4 46. d6
Rd3 47. e5 b3 48. Nc5 b2 49. Nxd3 b1=Q 50. Nf2 Qc2+ 51. Kf3
Qc3+ 52. Kg4 Qd4 53. Kf3 Kd5 54. Nh3 Ke6 55. Kg4 Qd1+ 56. Kg3
Kf5 57. Nf2 Qb3+ 58. Kg2 Kxf4 59. d7 Qd5+ 0-1

[Event "New Zealand Open"]
[Site "Devonport, Auckland NZL"]
[Date "2016.01.10"]
[EventDate "2016.01.02"]
[Round "9.23"]
[Result "1-0"]
[White "Paul Macdonald"]
[Black "Leo Zhu"]
[WhiteElo "1946"]
[BlackElo "1989"]
[PlyCount "73"]

1. b3 Nf6 2. Bb2 g6 3. e4 Bg7 4. e5 Nd5 5. c4 Nb6 6. c5 Nd5
7. Bc4 Nb4 8. d4 d5 9. Be2 Bf5 10. Na3 O-O 11. g4 Be6 12. Qd2
N4c6 13. b4 b6 14. Bc3 bxc5 15. bxc5 f6 16. f4 Qd7 17. h3 fxe5
18. fxe5 a5 19. Nf3 Qe8 20. O-O h5 21. Nh2 Rf7 22. Qg5 Nd7
23. Nb5 Rc8 24. Rxf7 Bxf7 25. gxh5 gxh5 26. Kh1 Bg6 27. Nf3
Qf7 28. Rf1 Qe6 29. Kh2 Kh7 30. Qg3 Bh6 31. Ng5+ Bxg5 32. Qxg5
Nf6 33. Bd2 Ne4 34. Qh6+ Kg8 35. Rg1 Kf7 36. Rxg6 Qf5 37. Qh7+
1-0